| 000 | 02270nam a22003737a 4500 | ||
|---|---|---|---|
| 005 | 20260417112554.0 | ||
| 008 | 260417b |||||||| |||| 00| 0 eng d | ||
| 020 | _a9786073098274 | ||
| 040 |
_aUniagraria _bspa _erda |
||
| 041 |
_aspa _hspa |
||
| 082 | 0 | 4 |
_2636.089607 / _aUn58p |
| 110 |
_aUniversidad Nacional Autónoma de México _bFacultad de Medicina Veterinaria y Zootecnia _eAutor _91111 |
||
| 245 |
_aPatología general veterinaria _cAlfonso López Mayagoitia, Laury C. Martínez Chavarría, Isaac Martinéz Racine, et al. |
||
| 250 | _aSéptima edición | ||
| 264 |
_aCiudad de México, _bNavegates de la Comunicaicón Grafica _c2025 |
||
| 300 |
_a296 páginas : _bilustraciones, gráficos, tablas _c28 cm. |
||
| 336 |
_2rdacontent _atexto _btxt |
||
| 337 |
_2rdamedia _ano mediado _bn |
||
| 338 |
_2rdacarrier _avolumen _bnc |
||
| 500 | _aIncluye cuadros, fotografías, figuras. | ||
| 505 | _aContenido: Capítulo 1. Introducción a la patología. -- Capítulo 2. Alteraciones Hemodinámicas. -- Capítulo 3. Adaptación, lesión y muerte celular. -- Capítulo 4. Proceso inflamatorio. -- Capítulo 5. Reparación. -- Capítulo 6. Inmunología. -- Capítulo 7. Neoplasias. -- Capítulo 8. Patología ambiental. -- Índice analítico. | ||
| 520 | _aObra que expone los principios fundamentales de la patología general aplicados a la medicina veterinaria. Analiza los mecanismos de lesión celular, inflamación, trastornos circulatorios, alteraciones del crecimiento y procesos degenerativos, con énfasis en la interpretación de cambios morfológicos y funcionales en los animales. Integra bases teóricas y aplicaciones prácticas para el diagnóstico y comprensión de enfermedades, dirigida a estudiantes y profesionales del área veterinaria. | ||
| 598 | _a1 | ||
| 650 | 0 |
_aPatología - Medicina veterinaria _91114 |
|
| 650 | 0 |
_aEnfermedades de los animales _91119 |
|
| 650 | 0 |
_aFisiopatología veterinaria _91120 |
|
| 650 | 0 |
_aDiagnóstico veterinario _91121 |
|
| 650 | 0 |
_aAnimales — Enfermedades _91122 |
|
| 700 |
_aLópez Mayagoita, Alfonso _eAutor _91115 |
||
| 700 |
_aMartínez Chavarría, Luary C. _eAutor _91116 |
||
| 700 |
_aMartínez Racine, Isaac _eAutor _91117 |
||
| 700 |
_aRomero Romero, Laura _eAutor _91118 |
||
| 942 |
_cBK _n0 |
||
| 999 |
_c37907 _d37907 |
||